| 000 | 01609cam a2200409Ii 4500 | ||
|---|---|---|---|
| 001 | sjds884710 | ||
| 003 | sjds | ||
| 005 | 20161014133619.0 | ||
| 008 | 010711s2001 sp a b 000 1 spa d | ||
| 020 |
_a8426437397 _q(hbk.) |
||
| 020 |
_a9788426437396 _q(hbk.) |
||
| 040 |
_aCS1 _beng _erda _cCS1 _dTEF _dOCLCQ _dBAKER _dMCCPP _dOCLCA _dOCLCQ _dFNO _dOCLCQ _dBDX _dOCLCF _dOCLCQ _dIFA |
||
| 041 | 1 |
_aspa _heng |
|
| 043 | _ae-fr--- | ||
| 049 | _aIFAA | ||
| 099 | _f2001 | ||
| 999 |
_c16310 _d16310 |
||
| 999 | _bESPANOL PICTURE BOOKS THOMPSON 2001 | ||
| 100 | 1 |
_aThompson, Kay, _d1909-1998. |
|
| 240 | 1 | 0 |
_aEloise in Paris. _lSpanish |
| 245 | 1 | 0 |
_aEloise en París / _cKay Thompson ; dibujos de Hilary Knight ; traducción, Humpty Dumpty. |
| 250 | _aPrimera edición. | ||
| 260 |
_aBarcelona : _bLumen, _c2001. |
||
| 264 | 1 |
_aBarcelona : _bLumen, _c2001. |
|
| 300 |
_a65 pages : _bcolor illustrations ; _c29 cm |
||
| 336 |
_atext _btxt _2rdacontent |
||
| 337 |
_aunmediated _bn _2rdamedia |
||
| 338 |
_avolume _bnc _2rdacarrier |
||
| 520 | _aThe talkative and precocious Eloise visits Paris with her nanny, enjoys it immensely, and learns several French words and phrases. | ||
| 520 | _aLa habladora y precoz Eloise visita Paris con su niñera, lo disfruta inmensamente, y aprende varias palabras y oraciones frensesas. | ||
| 546 | _aIn Spanish. | ||
| 650 | 0 |
_aEloise (Fictitious character : Thompson) _vJuvenile literature. |
|
| 651 | 0 |
_aParis (France) _vJuvenile fiction. |
|
| 651 | 7 |
_aParís (Francia) _xNovela juvenil. _2bidex |
|
| 700 | 1 |
_aKnight, Hilary, _eillustrator. |
|
| 700 | 1 |
_aDumpty, Humpty, _etranslator. |
|
| 942 | _cBK | ||